000 00368nam a2200145Ia 4500
008 230519s9999 xx 000 0 und d
020 _a978-93-8600615-8
041 _aeng
082 _aCLE/DB0859
100 _aClement I
_9119826
245 _aNurses Recruitment Guide Volume 1
260 _bEMMESS
_aBangalore
_c2021
300 _a817p
999 _c159472
_d159472